| 000 | 00561nam a22001697a 4500 | ||
|---|---|---|---|
| 003 | LC | ||
| 005 | 20151203111549.0 | ||
| 008 | 151203b xxu||||| |||| 00| 0 eng d | ||
| 020 | _a9781904534884 | ||
| 050 | _aQC 21.3 .D911 2008 | ||
| 100 | _aDuncan, Hugh | ||
| 245 |
_aIB physics option E : _bastrophysics HL/SL (formally option F) : for the students studying for the 2009 examination |
||
| 250 | _a2nd edition | ||
| 260 |
_aUnited Kingdom _bOxford Study Courses Limited _c2008 |
||
| 300 |
_a40 pages., _bill.( some col)., _c27 cm. |
||
| 942 |
_2lcc _cBK |
||
| 999 |
_c289004 _d289004 |
||